000 00558nam a22002057a 4500
003 OSt
005 20260324151704.0
008 260324b |||||||| |||| 00| 0 eng d
020 _a978-93-7098-448-6
040 _cSBCL
082 _a894.8123
_bBEN-M
100 _aBenyamin
245 _aMulberry,Ennodu Ninte Zorbayekkurichu Parayu
260 _aKottayam
_bDC Books
_c2026
300 _a432p.
630 _xLiterature & rhetoric
650 _aLiteratures of other languages
650 _aAltaic, Uralic, Hyperborean & Dravidian
942 _cBOOK
999 _c137834
_d137834